|
|
|
|
| LEADER |
00000nam0a2200000 4500 |
| 001 |
283637 |
| 005 |
20231101235621.0 |
| 035 |
|
|
|a (RuTPU)RU\TPU\book\307760
|
| 090 |
|
|
|a 283637
|
| 100 |
|
|
|a 20150209d1977 km y0rusy50 ca
|
| 101 |
0 |
|
|a rus
|
| 102 |
|
|
|a RU
|
| 105 |
|
|
|a a z 001zy
|
| 200 |
1 |
|
|a Нормализация атмосферы геологоразведочных выработок с помощью вентиляционных скважин и воздухоочистительных установок
|f В. Х. Ахмет, А. В. Быховский, А. И. Кабанцев
|
| 210 |
|
|
|a Москва
|c Недра
|d 1977
|
| 215 |
|
|
|a 108 с.
|c ил.
|
| 320 |
|
|
|a Библиогр.: с. 103-106
|
| 606 |
1 |
|
|a Горные выработки, разведочные
|2 stltpush
|3 (RuTPU)RU\TPU\subj\7804
|9 35346
|
| 610 |
1 |
|
|a рудничный воздух
|
| 610 |
1 |
|
|a радиационная опасность
|
| 610 |
1 |
|
|a гигиенические нормативы
|
| 610 |
1 |
|
|a радон
|
| 610 |
1 |
|
|a загрязнения
|
| 610 |
1 |
|
|a проветривание
|
| 610 |
1 |
|
|a вентиляционные скважины
|
| 610 |
1 |
|
|a вентиляция
|
| 675 |
|
|
|a 550.812.1
|v 4
|
| 700 |
|
1 |
|a Ахмет
|b В. Х.
|g Валей Хамза
|
| 701 |
|
1 |
|a Быховский
|b А. В.
|g Александр Владимирович
|
| 701 |
|
1 |
|a Кабанцев
|b А. И.
|g Александр Иванович
|
| 801 |
|
1 |
|a RU
|b 63413507
|c 20150209
|
| 801 |
|
2 |
|a RU
|b 63413507
|c 20180228
|g RCR
|
| 942 |
|
|
|c BK
|